Pioneers In Science Earth Science: The people Behind the Science (Record no. 25206)

MARC details
000 -LEADER
fixed length control field 00970nam a22001817a 4500
003 - CONTROL NUMBER IDENTIFIER
control field CUTN
005 - DATE AND TIME OF LATEST TRANSACTION
control field 20180622165236.0
008 - FIXED-LENGTH DATA ELEMENTS--GENERAL INFORMATION
fixed length control field 180622b xxu||||| |||| 00| 0 eng d
020 ## - INTERNATIONAL STANDARD BOOK NUMBER
International Standard Book Number 9788130933818
041 ## - LANGUAGE CODE
Language English
082 ## - DEWEY DECIMAL CLASSIFICATION NUMBER
Classification number 550
Item number CUL
100 ## - MAIN ENTRY--PERSONAL NAME
Personal name Cullen, Katherine
245 ## - TITLE STATEMENT
Title Pioneers In Science Earth Science: The people Behind the Science
260 ## - PUBLICATION, DISTRIBUTION, ETC. (IMPRINT)
Place of publication, distribution, etc New Delhi
Name of publisher, distributor, etc Viva Books
Date of publication, distribution, etc 2017
300 ## - PHYSICAL DESCRIPTION
Extent xv,170 p.
505 ## - FORMATTED CONTENTS NOTE
Contents Chapters
Title The Forefather of Geology and the father of Mineralogy
-- The Law of superposition of Rock of Layers and the principles of original Horizontality and lateral Extension
-- Uniformitarianism as the central principle of Historical Geology
-- Unification of the Natural Sciences
-- The Reality of Extinction of past life forms
-- Creation of the Worlds first Geological Map
-- The Gradual Nature of Earths Processes
-- The Theory of Continental Drift
-- Estimation of the Earths Age
-- Theory of Punctuated Equilibrium
942 ## - ADDED ENTRY ELEMENTS (KOHA)
Source of classification or shelving scheme Dewey Decimal Classification
Koha item type General Books
Holdings
Withdrawn status Lost status Source of classification or shelving scheme Damaged status Not for loan Collection code Home library Location Shelving location Date of Cataloging Total Checkouts Full call number Barcode Date last seen Date checked out Copy number Price effective from Koha item type
    Dewey Decimal Classification     Non-fiction CUTN Central Library CUTN Central Library Sciences 22/06/2018 1 550 CUL 32398 03/11/2021 20/09/2021 1 22/06/2018 General Books